गद्दार कौनःनवीज़ शरीफ की कहानी उनकी ज़ुबानी (Record no. 7389)

MARC details
000 -LEADER
fixed length control field 01552 a2200253 4500
005 - DATE AND TIME OF LATEST TRANSACTION
control field 20080916153457.0
008 - FIXED-LENGTH DATA ELEMENTS--GENERAL INFORMATION
fixed length control field 080916t xxu||||| |||| 00| 0 hin d
010 ## - LCCN (DPL NO)
LC control number HIN-80947
020 ## - INTERNATIONAL STANDARD BOOK NUMBER
Terms of availability 330.00
International Standard Book Number 9788189962081
035 ## - SYSTEM CONTROL NUMBER
System control number HN-53293
035 ## - SYSTEM CONTROL NUMBER
System control number B-247004
037 ## - SOURCE OF ACQUISITION
Source of stock number/acquisition D.B.Act / pub
082 ## - DEWEY DECIMAL CLASSIFICATION NUMBER
Classification number 320.9547
100 ## - MAIN ENTRY--PERSONAL NAME
Personal name सुहैल, वड़ाएच
9 (RLIN) 44354
245 ## - TITLE STATEMENT
Title गद्दार कौनःनवीज़ शरीफ की कहानी उनकी ज़ुबानी
Statement of responsibility, etc वडाएच सुहैल;संपादक तथा अनुवादक शेख़ सलीम अहमद
246 ## - VARYING FORM OF TITLE
Title proper/short title Gaddaar kaun
Remainder of title by Suhail Warraich; Ed and Tran by Sheikh Saleem Ahmed
260 ## - PUBLICATION, DISTRIBUTION, ETC. (IMPRINT)
Place of publication, distribution, etc गाजियाबाद
Name of publisher, distributor, etc रेमाधव पब्लिकेशन्स
Date of publication, distribution, etc 2007
270 ## - ADDRESS
Address सी-22,तृतीय तल, आर.डी.सी. राजनगर
City गाजियाबाद
Postal code 201001(उ.प्र.)
Electronic mail address contact@remadhav.com
300 ## - PHYSICAL DESCRIPTION
Extent 221पृ
Dimensions 22 सेमी (सजिल्द)
700 ## - ADDED ENTRY--PERSONAL NAME
Personal name शेख सलीम अहमद
9 (RLIN) 44355
942 ## - ADDED ENTRY ELEMENTS (KOHA)
Institution code [OBSOLETE] dpl
Item type Hindi Books
Call number prefix 320.9547 / सुहैल
Source of classification or shelving scheme Dewey Decimal Classification
Classification part 320.9547
Call number suffix सुहैल
Holdings
Withdrawn status Lost status Source of classification or shelving scheme Damaged status Not for loan Home library Current library Date acquired Cost, normal purchase price Total Checkouts Full call number Barcode Date last seen Copy number Cost, replacement price Koha item type Collection code
    Dewey Decimal Classification     D.B.Act.Division D.B.Act.Division 16/09/2008 330.00   320.9547 सुहैल HN-53293 15/09/2008 1 330.00 Hindi Books  
    Dewey Decimal Classification     Sarojini Nagar Sarojini Nagar 27/03/2012 330.00   320.9547 सुहैल B-247004 27/03/2012   330.00 Hindi Books Non-fiction

© Delhi Public Library
Hit Counter
free hit counter